000 00525nam a2200133 a 4500
008 120416s1980 ||||||||||||||||| || u
050 _aHF 5686.N56 Hen
100 _aHenke, Emerson O
245 1 0 _aIntroduction to nonprofit organization accounting
260 _aBoston
_bKent Publishing
_c1980
350 _a0.00
650 0 _aACCOUNTING--HANDBOOKS, MANUALS, ETC
995 _D0.00
_FCBU-MAIN LIBRARY (Kitwe)
_H1
_I22.95
_M1
_UAVAILABLE
_ZMain Library Open Access Collection
999 _c47903
_d47903